| 000 | 00533nam a2200193 a 4500 | ||
|---|---|---|---|
| 005 | 20230323063546.0 | ||
| 008 | 030408s1996 mx r 000 0 spa d | ||
| 020 | _a9507245731 | ||
| 035 | _aUPN01000123651 | ||
| 049 | _aCG | ||
| 050 | 4 |
_aHM22 A7 _bA5.3 |
|
| 245 | 0 | 0 |
_aDialogando con Ander-Egg / _ccomp. Anita Lamas. |
| 260 |
_aBuenos Aires : _bLumen/Hvmanitas, _cc1996. |
||
| 300 | _a95 p. | ||
| 600 | 1 | 4 |
_aANDER-EGG, EZEQUIEL _94729 |
| 650 | 2 |
_aSociologĂa _xFilosofĂa _98941 |
|
| 700 | 1 |
_aLamas, Anita, _ecomp. |
|
| 905 | _aLibro | ||
| 999 |
_c95830 _d95830 |
||